La vorágine
Đã lưu trong:
| Tác giả chính: | |
|---|---|
| Định dạng: | Sách |
| Ngôn ngữ: | Tiếng Tây Ban Nha |
| Được phát hành: |
Santiago
Ercilla
1987
|
| Loạt: | Los Mejores Libros de la Literatura Universal
|
| Những chủ đề: | |
| Các nhãn: |
Thêm thẻ
Không có thẻ, Là người đầu tiên thẻ bản ghi này!
|
MARC
| LEADER | 00000nam a2200000 a 4500 | ||
|---|---|---|---|
| 001 | UCH4153 | ||
| 003 | CL-VaPUC | ||
| 008 | 090818e19870000CL |||||||||||||||||spa|d | ||
| 082 | 0 | 4 | |a Co863 |b RIV |2 21 |
| 100 | 0 | |a Rivera, José Eustasio |e author |9 313852 | |
| 245 | 1 | 3 | |a La vorágine |
| 300 | |a 207 p | ||
| 942 | |c BK | ||
| 945 | |d 20090818 00:00:00 |a lazolas | ||
| 260 | |a Santiago |b Ercilla |c 1987 | ||
| 650 | 0 | |a Novelas colombianas |9 266734 | |
| 650 | 0 | |a Literatura colombiana |9 315578 | |
| 583 | |a last modification |c 20090818 00:00:00 |k Rodrigo Vera | ||
| 490 | 0 | |a Los Mejores Libros de la Literatura Universal | |
| 999 | |c 335492 |d 335490 | ||